Project summaries : FY 1987: Directorate for scientific, technological, and international affairs national science foundation

Gorde:
Xehetasun bibliografikoak
Formatua: Liburua
Hizkuntza:Undetermined
Argitaratua: Washington 1987
Gaiak:
Etiketak: Etiketa erantsi
Etiketarik gabe, Izan zaitez lehena erregistro honi etiketa jartzen!
Thư viện lưu trữ: Trung tâm Học liệu Trường Đại học Cần Thơ
LEADER 00539nam a2200181Ia 4500
001 CTU_98583
008 210402s9999 xx 000 0 und d
082 |a 338.973 
082 |b P963 
245 0 |a Project summaries : 
245 0 |b FY 1987: Directorate for scientific, technological, and international affairs national science foundation 
260 |a Washington 
260 |c 1987 
650 |a Science 
650 |x Bibliography 
650 |z United States 
904 |i Truc 
980 |a Trung tâm Học liệu Trường Đại học Cần Thơ